Company law (Record no. 104509)

MARC details
000 -LEADER
fixed length control field 00823cam a2200253 4500
001 - CONTROL NUMBER
control field ##L130667
008 - FIXED-LENGTH DATA ELEMENTS--GENERAL INFORMATION
fixed length control field 050823n2006 000 0 eng u
020 ## - INTERNATIONAL STANDARD BOOK NUMBER
International Standard Book Number 0199284466
035 ## - SYSTEM CONTROL NUMBER
System control number (Sirsi) u130667
041 0# - LANGUAGE CODE
Language code of text/sound track or separate title eng
050 04 - LIBRARY OF CONGRESS CALL NUMBER
Classification number 346.41066 $2 18
100 1# - MAIN ENTRY--PERSONAL NAME
Personal name Lowry, John
245 00 - TITLE STATEMENT
Title Company law
250 ## - EDITION STATEMENT
Edition statement 3rd ed.
260 ## - PUBLICATION, DISTRIBUTION, ETC.
Place of publication, distribution, etc. Oxford
Name of publisher, distributor, etc. Oxford University Press
Date of publication, distribution, etc. 2006
300 ## - PHYSICAL DESCRIPTION
Extent xxxv, 502p.
Dimensions 22cm.
350 ## - PRICE (NR) (BK AM CF MU VM SE) [OBSOLETE]
Price 16.99
490 #0 - SERIES STATEMENT
Series statement Core Text Series
520 ## - SUMMARY, ETC.
Summary, etc. A general undergraduate text, divided into three sections. Examines fundamental principles of company law, corporate matters including shares and shareholder rights; and corporate governance and director's duties.
590 ## - LOCAL NOTE (RLIN)
Local note IKA251005
690 ## - LOCAL SUBJECT ADDED ENTRY--TOPICAL TERM (OCLC, RLIN)
Topical term or geographic name as entry element MANAGEMENT-BUSINESS MANAGEMENT
700 1# - ADDED ENTRY--PERSONAL NAME
Personal name Dignam, Alan
942 ## - ADDED ENTRY ELEMENTS (KOHA)
Suppress in OPAC 0
Source of classification or shelving scheme Dewey Decimal Classification
Holdings
Withdrawn status Lost status Source of classification or shelving scheme Damaged status Not for loan Home library Current library Shelving location Date acquired Cost, normal purchase price Total Checkouts Full call number Barcode Date last seen Date last checked out Copy number Cost, replacement price Price effective from Koha item type
    Dewey Decimal Classification     London London Books 18/10/2005 14.44 5 346.41066 LOW 30071371 06/08/2019 04/01/2008 1 14.44 06/08/2019 Book